书目信息 |
| 题名: |
汽车振动与噪声控制
|
|
| 作者: | 陈南 主编 | |
| 分册: | ||
| 出版信息: | 北京 人民交通出版社 2014.02 |
|
| 页数: | 180页 | |
| 开本: | 26cm | |
| 丛书名: | ||
| 单 册: | ||
| 中图分类: | U467.4 , TB535 | |
| 科图分类: | ||
| 主题词: | 汽车--qi che--振动分析--高等教育--教材 , 汽车噪声--qi che zao sheng--噪声控制--高等教育--教材 | |
| 电子资源: | ||
| ISBN: | 978-7-114-11157-0 | |
| 000 | 01052nam0 2200277 450 | |
| 001 | 0106081808 | |
| 005 | 20201109084344.82 | |
| 010 | @a978-7-114-11157-0@dCNY28.00 | |
| 100 | @a20140429e20192014em y0chiy50 ea | |
| 101 | 0 | @achi |
| 102 | @aCN@b110000 | |
| 105 | @ay z 000yy | |
| 106 | @ar | |
| 200 | 1 | @a汽车振动与噪声控制@Aqi che zhen dong yu zao sheng kong zhi@f陈南主编 |
| 205 | @a2版 | |
| 210 | @a北京@c人民交通出版社@d2014.02@h2019.01 | |
| 215 | @a180页@d26cm | |
| 300 | @a“十二五”普通高等教育车辆工程专业规划教材 | |
| 330 | @a本书首先介绍线性振动理论和声学基础理论。在介绍基础理论之后,书中对汽车的几大基本总成:发动机动力传动总成,转向及底盘悬架总成,车身系统和制动时的振动、噪声及整车平顺性问题进行了系统的建模和分析,介绍了一些常用和新的控制方法。 | |
| 606 | 0 | @a汽车@Aqi che@x振动分析@x高等教育@j教材 |
| 606 | 0 | @a汽车噪声@Aqi che zao sheng@x噪声控制@x高等教育@j教材 |
| 690 | @aU467.4@v5 | |
| 690 | @aTB535@v5 | |
| 701 | 0 | @a陈南@Achen nan@4主编 |
| 801 | 0 | @aCN@bBJSZM@c20201106 |
| 905 | @b1191648-51@dU467.4@e930=2@f4 | |
| 汽车振动与噪声控制/陈南主编.-2版.-北京:人民交通出版社,2014.02(2019.01) |
| 180页;26cm |
| “十二五”普通高等教育车辆工程专业规划教材 |
| ISBN 978-7-114-11157-0:CNY28.00 |
| 本书首先介绍线性振动理论和声学基础理论。在介绍基础理论之后,书中对汽车的几大基本总成:发动机动力传动总成,转向及底盘悬架总成,车身系统和制动时的振动、噪声及整车平顺性问题进行了系统的建模和分析,介绍了一些常用和新的控制方法。 |
| ● |
| 相关链接 |
|
|
|
|
正题名:汽车振动与噪声控制
索取号:U467.4/930=2
 
预约/预借
| 序号 | 登录号 | 条形码 | 馆藏地/架位号 | 状态 | 备注 |
| 1 | 1191648 | 211916480 | 第二样本阅览室/ [索取号:U467.4/930=2] | 在馆 | |
| 2 | 1191649 | 211916499 | 第三借阅区/ [索取号:U467.4/930=2] | 在馆 | |
| 3 | 1191650 | 211916505 | 第三借阅区/ [索取号:U467.4/930=2] | 在馆 | |
| 4 | 1191651 | 211916514 | 第三借阅区/ [索取号:U467.4/930=2] | 在馆 |